Scientific objectivity and framework transpositions p. 55-70 (Record no. 123534)
[ view plain ]
| 000 -LEADER | |
|---|---|
| fixed length control field | 00446nam a22001337a 4500 |
| 008 - FIXED-LENGTH DATA ELEMENTS--GENERAL INFORMATION | |
| fixed length control field | 151020b xxu||||| |||| 00| 0 eng d |
| 050 ## - LIBRARY OF CONGRESS CALL NUMBER | |
| Classification number | SPCH4.P568 |
| 100 ## - MAIN ENTRY--PERSONAL NAME | |
| Personal name | Heelan, Patrick A. |
| 9 (RLIN) | 20313 |
| 245 ## - TITLE STATEMENT | |
| Title | Scientific objectivity and framework transpositions p. 55-70 |
| Statement of responsibility, etc | Patrick A. Heelan |
| 260 ## - PUBLICATION, DISTRIBUTION, ETC. (IMPRINT) | |
| Place of publication, distribution, etc | Dublin |
| Name of publisher, distributor, etc | The National University of Ireland |
| Date of publication, distribution, etc | 1970 |
| 300 ## - PHYSICAL DESCRIPTION | |
| Extent | 262p. ; |
| Dimensions | 22cm. |
| 440 ## - SERIES STATEMENT/ADDED ENTRY--TITLE | |
| Title | Philosophical studies |
| Volume number/sequential designation | 19 |
| 9 (RLIN) | 20314 |
| 942 ## - ADDED ENTRY ELEMENTS (KOHA) | |
| Source of classification or shelving scheme | Library of Congress Classification |
| Item type | SPC |
| Withdrawn status | Lost status | Source of classification or shelving scheme | Damaged status | Not for loan | Collection code | Home library | Current library | Shelving location | Date acquired | Total Checkouts | Full call number | Barcode | Date last seen | Price effective from | Koha item type |
|---|---|---|---|---|---|---|---|---|---|---|---|---|---|---|---|
| Library of Congress Classification | SPECIAL Collection | ARRUPE LIBRARY | ARRUPE LIBRARY | Main Collection | 20/10/2015 | SPCH4.P568 | 46500005204 | 20/10/2015 | 20/10/2015 | SPC |